000
00284nam a22001217a 4500
020
_a
0-85532-392-2
082
_a
745.4 GAU'O
100
_a
GAUTARD, RAYMOND
_9
75982
245
_a
100 DESIGNS IN PIN AND THREAD
260
_a
LONDON
_b
SEARCH PRESS
_c
1978
300
_a
161P
942
_c
BK
999
_c
581385
_d
581385